[Event "WA Open - Reserve Section"]
[Site "Redmond, WA"]
[Date "2008.05.25"]
[Round "1"]
[White "Sun, Tristan"]
[Black "Xing, Casey"]
[Result "0-1"]
[WhiteElo "1407"]
[BlackElo "1624"]
[PlyCount "86"]
[EventDate "2008.05.??"]
[SourceDate "2008.05.24"]

1. e4 e6 2. d4 d5 3. e5 c5 4. c3 Nc6 5. Nf3 Qb6 6. a3 c4 7. Be2 Na5 8. Nbd2 Bd7
9. O-O Nb3 10. Nxb3 Ba4 11. Qd2 Bxb3 12. Qf4 Bc2 13. Bd1 Bxd1 14. Rxd1 h6 15.
Qd2 Ne7 16. Qc2 Nc6 17. Be3 Be7 18. Nd2 Qc7 19. b3 cxb3 20. Qxb3 O-O 21. Rab1
b6 22. Rdc1 Na5 23. Qa2 Rac8 24. Rc2 Nc4 25. Nxc4 Qxc4 26. Qxc4 Rxc4 27. Rb3
Rfc8 28. h3 Ra4 29. Ra2 Rc6 30. g4 a6 31. f4 g6 32. Bc1 b5 33. Rh2 Kh7 34. Rf2
f6 35. f5 gxf5 36. gxf5 exf5 37. Rxf5 Kg6 38. Rf4 fxe5 39. Rg4+ Kf5 40. Rb2
Rxc3 41. Rf2+ Ke6 42. Rg6+ Kd7 43. Bxh6 Raxa3 {and white lost on time} 0-1

[Event "WA Open - Reserve Section"]
[Site "Redmond, WA"]
[Date "2008.05.25"]
[Round "1"]
[White "Varner, Murlin"]
[Black "Mayer, Jacob"]
[Result "1-0"]
[WhiteElo "1517"]
[BlackElo "1070"]
[PlyCount "85"]
[EventDate "2008.05.??"]
[SourceDate "2008.05.24"]

1. d4 c6 2. c4 d5 3. e3 Nf6 4. Nf3 e6 5. a3 Be7 6. Be2 O-O 7. O-O b6 8. b4 c5
9. cxd5 exd5 10. bxc5 bxc5 11. dxc5 Bxc5 12. Bb2 Nc6 13. Qc2 Qe7 14. Nbd2 Bd7
15. Bd3 h6 16. Bxf6 Qxf6 17. Qxc5 Ne7 18. Qd4 Qxd4 19. Nxd4 Nc6 20. Nxc6 Bxc6
21. Nf3 Rfe8 22. Nd4 Bd7 23. Bb5 Bxb5 24. Nxb5 Re7 25. Rad1 Rd8 26. Nd4 Rc8 27.
Nf5 Re5 28. Nd6 Rc3 29. Nb5 Rb3 30. Nxa7 Rxa3 31. Nc6 Rg5 32. Ne7+ Kf8 33. Nxd5
Ra5 34. Nb4 Ra4 35. Nc6 f6 36. h3 Rc5 37. Nd4 Raa5 38. Nb3 Rd5 39. Rxd5 Rxd5
40. Nd4 Ke7 41. Rb1 Kd6 42. Rb6+ Ke5 43. Re6# 1-0

[Event "WA Open - Reserve Section"]
[Site "Redmond, WA"]
[Date "2008.05.26"]
[Round "6"]
[White "May, Sarah"]
[Black "Rutgers, Bert"]
[Result "1-0"]
[WhiteElo "1573"]
[BlackElo "1442"]
[PlyCount "115"]
[EventDate "2008.05.??"]
[SourceDate "2008.05.24"]

1. d4 d5 2. Bf4 Nf6 3. e3 e6 4. c3 Be7 5. Bd3 O-O 6. Nd2 c5 7. Ngf3 Nc6 8. Bg3
Nh5 9. Ne5 Nxg3 10. Bxh7+ Kh8 11. hxg3 Bg5 12. Bg6+ Bh6 13. Nxf7+ Rxf7 14. Bxf7
cxd4 15. exd4 e5 16. Nf3 exd4 17. O-O dxc3 18. bxc3 Qf6 19. Bxd5 Qxc3 20. Bxc6
bxc6 21. Qb3 Qxb3 22. axb3 Be6 23. Nd4 Bd5 24. Ra6 Bd2 25. Nxc6 Bxc6 26. Rxc6
a5 27. Rd1 Bb4 28. Rdc1 Kh7 29. R1c4 Rb8 30. Rc8 Rb7 31. R8c7 Rb8 32. Rh4+ Kg8
33. Rg4 Bf8 34. Ra7 Rxb3 35. Rxa5 Rb6 36. Ra8 Rf6 37. Rf4 Rxf4 38. gxf4 Kf7 39.
Rxf8+ Kxf8 40. Kh2 Kf7 41. Kg3 Kf6 42. Kg4 Kg6 43. f5+ Kf6 44. Kf4 Kf7 45. Kg5
Kf8 46. Kg6 Kg8 47. g4 Kf8 48. g5 Kg8 49. f6 Kf8 50. fxg7+ Kg8 51. Kf6 Kh7 52.
g8=Q+ Kxg8 53. g6 Kf8 54. g7+ Kg8 55. f4 Kh7 56. Kf7 Kh6 57. g8=Q Kh5 58. Qg5#
1-0

[Event "WA Open - Reserve Section"]
[Site "Redmond, WA"]
[Date "2008.05.24"]
[Round "2"]
[White "Rutgers, Bert"]
[Black "Dawson, Drew"]
[Result "0-1"]
[WhiteElo "1442"]
[BlackElo "1415"]
[PlyCount "50"]
[EventDate "2008.05.??"]
[SourceDate "2008.05.24"]

1. d4 Nf6 2. c4 g6 3. Nc3 d5 4. cxd5 Nxd5 5. e4 Nxc3 6. bxc3 Bg7 7. Ba3 Nd7 8.
Bb5 O-O 9. Ne2 a6 10. Bd3 b5 11. O-O Re8 12. Qc2 c5 13. e5 Bb7 14. f4 Rc8 15.
f5 cxd4 16. fxg6 hxg6 17. Rxf7 Nxe5 18. Rxg7+ Kxg7 19. Nf4 Qb6 20. Ne2 dxc3+
21. Kh1 Qe3 22. Rd1 Red8 23. Bc1 Qf2 24. Nf4 Nxd3 25. Ne6+ Kg8 0-1

[Event "WA Open - Reserve Section"]
[Site "Redmond, WA"]
[Date "2008.05.24"]
[Round "1"]
[White "Hannibal, Dana"]
[Black "Baldwin, Christopher"]
[Result "0-1"]
[WhiteElo "1501"]
[BlackElo "1678"]
[PlyCount "145"]
[EventDate "2008.05.??"]
[SourceDate "2008.05.24"]

1. d4 Nf6 2. Bf4 e6 3. e3 b6 4. Nd2 Bb7 5. Ngf3 Be7 6. h3 d6 7. c3 Nbd7 8. Nc4
O-O 9. Bd3 Ne4 10. O-O Ndf6 11. a4 a5 12. Qc2 c5 13. Nfd2 Nxd2 14. Qxd2 Be4 15.
Bxe4 Nxe4 16. Qc2 d5 17. Nd2 Nxd2 18. Qxd2 c4 19. Rfb1 Qd7 20. Qc2 b5 21. axb5
Qxb5 22. Ra4 Rfc8 23. Rba1 Ra6 24. Qb1 Bd8 25. Qa2 Rca8 26. Qa3 h6 27. Bd6 R8a7
28. Bc5 Rb7 29. Rb1 Qb3 30. Qxb3 Rxb3 31. Kf1 Bc7 32. g3 Ra8 33. Ke2 Rab8 34.
Ra2 f5 35. Kd2 Kf7 36. Kc2 g5 37. f4 gxf4 38. exf4 Rg8 39. Rg1 Bxf4 40. Rxa5
Rxg3 41. Ra7+ Kf6 42. Be7+ Kg6 43. Rxg3+ Bxg3 44. Bb4 f4 45. Bd6 Rb6 46. Be5 h5
47. Rg7+ Kf5 48. Rf7+ Ke4 49. h4 Kf3 50. Rf8 Kg4 51. Rf7 Kxh4 52. Bxf4 Bxf4 53.
Rxf4+ Kg3 54. Rf6 h4 55. Rg6+ Kh2 56. Kc1 h3 57. Kc2 Rb7 58. Rg8 Rf7 59. b4
Rf2+ 60. Kd1 Rf3 61. Kd2 Rg3 62. Rh8 Kg2 63. b5 h2 64. b6 h1=Q 65. Rxh1 Kxh1
66. b7 Rg8 67. Ke3 Rb8 68. Kf4 Rxb7 69. Ke5 Rb6 70. Kf6 Kg2 71. Ke5 Kf2 72. Kf6
Ke3 73. Ke5 0-1

[Event "WA Open - Reserve Section"]
[Site "Redmond, WA"]
[Date "2008.05.24"]
[Round "2"]
[White "Baldwin, Christopher"]
[Black "Van Veen, Kerry"]
[Result "1-0"]
[WhiteElo "1678"]
[BlackElo "1375"]
[PlyCount "61"]
[EventDate "2008.05.??"]
[SourceDate "2008.05.24"]

1. d4 d5 2. c4 e6 3. a3 Nf6 4. Nc3 c6 5. Nf3 Nbd7 6. e3 Bd6 7. Bd3 O-O 8. O-O
dxc4 9. Bxc4 c5 10. dxc5 Nxc5 11. Qc2 a6 12. b4 Ncd7 13. Bb2 b5 14. Be2 Bb7 15.
Rfd1 Qc7 16. Rac1 Rac8 17. h3 Nb6 18. Qb3 Qe7 19. Rc2 Rc7 20. Rcd2 Nc4 21. Bxc4
bxc4 22. Qa4 Nd5 23. e4 Bc6 24. Qc2 Bf4 25. exd5 Bxd2 26. Qxd2 Rd8 27. d6 Qe8
28. Ne5 f6 29. Qe3 fxe5 30. dxc7 Rxd1+ 31. Nxd1 1-0

[Event "WA Open - Reserve Section"]
[Site "Redmond, WA"]
[Date "2008.05.25"]
[Round "3"]
[White "Pettijohn, Benjamin"]
[Black "Rutgers, Bert"]
[Result "1/2-1/2"]
[WhiteElo "1723"]
[BlackElo "1442"]
[PlyCount "60"]
[EventDate "2008.05.??"]
[SourceDate "2008.05.24"]

1. e4 e5 2. Nf3 Nc6 3. Bc4 Nf6 4. d3 Bc5 5. O-O d6 6. h3 O-O 7. Nc3 h6 8. Be3
Bb6 9. Qe2 Ne7 10. Bxb6 axb6 11. d4 exd4 12. Nxd4 c6 13. a4 Ng6 14. f4 Re8 15.
Qd3 b5 16. axb5 Rxa1 17. Rxa1 Nxf4 18. Qf3 Qb6 19. Rd1 Ne6 20. Bxe6 Bxe6 21.
Kh1 c5 22. Nf5 Bxf5 23. Qxf5 Re5 24. Qc8+ Kh7 25. Qf8 Nxe4 26. Nxe4 Rxe4 27.
Qxf7 Re5 28. Qd7 d5 29. Rxd5 Rxd5 30. Qxd5 Qxb5 1/2-1/2

[Event "WA Open - Reserve Section"]
[Site "Redmond, WA"]
[Date "2008.05.25"]
[Round "3"]
[White "Varner, Murlin"]
[Black "Grabar, Svetlana"]
[Result "1-0"]
[WhiteElo "1517"]
[BlackElo "1164"]
[PlyCount "101"]
[EventDate "2008.05.??"]
[SourceDate "2008.05.24"]

1. e4 e5 2. Nf3 Nc6 3. Bc4 Nf6 4. d3 Be7 5. O-O O-O 6. a3 d5 7. exd5 Nxd5 8.
Bd2 Be6 9. Nc3 Nxc3 10. Bxc3 Bxc4 11. dxc4 Qxd1 12. Raxd1 Bd6 13. b4 e4 14. Ng5
f5 15. c5 Be5 16. Bxe5 Nxe5 17. Rd4 h6 18. Ne6 Rf7 19. Rfd1 Re8 20. Nd8 Rf6 21.
Nxb7 Rg6 22. Kf1 Ng4 23. h3 Ne5 24. Na5 Re7 25. Rd8+ Kh7 26. Ra8 Nc6 27. Nxc6
Rxc6 28. Rxa7 e3 29. fxe3 Rxe3 30. Rd3 Re4 31. c3 Re7 32. Ra8 Rce6 33. Rad8 Re3
34. a4 Kg6 35. a5 c6 36. Kf2 f4 37. R8d6+ Kf5 38. Rxe3 fxe3+ 39. Ke2 Ke4 40.
Rd4+ Kf5 41. Rd3 Kf4 42. g3+ Kxg3 43. Rxe3+ Rxe3+ 44. Kxe3 Kxh3 45. a6 g5 46.
a7 g4 47. a8=Q g3 48. Qxc6 g2 49. Qxh6+ Kg3 50. Qg5+ Kh2 51. Qxg2+ 1-0

[Event "WA Open - Reserve Section"]
[Site "Redmond, WA"]
[Date "2008.05.25"]
[Round "3"]
[White "Osborn, Nathaniel"]
[Black "Xing, Casey"]
[Result "0-1"]
[WhiteElo "1228"]
[BlackElo "1624"]
[PlyCount "72"]
[EventDate "2008.05.??"]
[SourceDate "2008.05.24"]

1. e4 e6 2. d4 d5 3. Nc3 Bb4 4. Bb5+ c6 5. Bd3 dxe4 6. Bxe4 Nf6 7. Bd2 Bxc3 8.
Bxc3 Nxe4 9. Qg4 Nxc3 10. Qxg7 Rf8 11. bxc3 Nd7 12. Nf3 Qf6 13. Qxh7 Nb6 14.
O-O Bd7 15. Rfe1 O-O-O 16. Ne5 Nd5 17. c4 Nf4 18. c3 Ng6 19. Qh5 Rh8 20. Qd1
Nxe5 21. Rxe5 Qf4 22. Rh5 f5 23. g3 Qc7 24. Rg5 Rdg8 25. Rxg8+ Rxg8 26. Qa4 a6
27. Kg2 c5 28. Qb3 f4 29. d5 fxg3 30. fxg3 exd5 31. cxd5 Rh8 32. Rd1 Bh3+ 33.
Kg1 Qe5 34. d6 Qe3+ 35. Kh1 Qf3+ 36. Kg1 Qg2# 0-1

[Event "WA Open - Reserve Section"]
[Site "Redmond, WA"]
[Date "2008.05.25"]
[Round "4"]
[White "Baldwin, Christopher"]
[Black "Jusak, Jeremy"]
[Result "1-0"]
[WhiteElo "1678"]
[BlackElo "1611"]
[PlyCount "55"]
[EventDate "2008.05.??"]
[SourceDate "2008.05.24"]

1. d4 Nf6 2. c4 c5 3. d5 b5 4. cxb5 a6 5. b6 g6 6. Nc3 Qxb6 7. e4 d6 8. Nf3 Bg7
9. Qc2 Nbd7 10. Be2 O-O 11. O-O Ng4 12. h3 Nge5 13. Nxe5 Nxe5 14. f4 Nd7 15.
Be3 Bb7 16. Rab1 f5 17. exf5 Rxf5 18. Bg4 Raf8 19. Bxf5 Rxf5 20. b4 Bxd5 21.
bxc5 Qc6 22. Nxd5 Rxd5 23. Qb3 Nxc5 24. Qc4 e6 25. Rb8+ Kf7 26. Rfb1 a5 27. g4
e5 28. R1b6 1-0

[Event "WA Open - Reserve Section"]
[Site "Redmond, WA"]
[Date "2008.05.25"]
[Round "4"]
[White "Xing, Casey"]
[Black "Walton, John"]
[Result "1-0"]
[WhiteElo "1624"]
[BlackElo "1715"]
[PlyCount "77"]
[EventDate "2008.05.??"]
[SourceDate "2008.05.24"]

1. d4 Nf6 2. c4 e5 3. d5 Bc5 4. e3 d6 5. Nc3 O-O 6. Nf3 Bf5 7. Be2 Nbd7 8. Nd2
Bb4 9. Qb3 Bxc3 10. Qxc3 a5 11. f3 e4 12. f4 Ng4 13. Nf1 Nc5 14. Bd2 Re8 15.
Ng3 Bd7 16. Bxg4 Bxg4 17. O-O Qe7 18. Qd4 Bc8 19. Bc3 f6 20. Qd1 Rf8 21. f5 Nd3
22. Qg4 Bd7 23. Rad1 b5 24. b3 bxc4 25. bxc4 Nc5 26. Bd4 Rae8 27. Bxc5 dxc5 28.
Rf4 Qf7 29. Rxe4 Rxe4 30. Qxe4 Re8 31. Qf4 Ba4 32. Rb1 Qe7 33. Kf2 Qd7 34. Rb7
Re5 35. Rb2 c6 36. e4 cxd5 37. exd5 Bd1 38. Rd2 Qa4 39. d6 1-0

[Event "WA Open - Reserve Section"]
[Site "Redmond, WA"]
[Date "2008.05.26"]
[Round "5"]
[White "Churchill, Sam"]
[Black "Rutgers, Bert"]
[Result "1/2-1/2"]
[WhiteElo "1606"]
[BlackElo "1442"]
[PlyCount "96"]
[EventDate "2008.05.??"]
[SourceDate "2008.05.24"]

1. e4 e5 2. d4 exd4 3. Nf3 Bb4+ 4. c3 dxc3 5. bxc3 Be7 6. Bc4 d5 7. exd5 Nf6 8.
Bf4 O-O 9. O-O Bg4 10. Qd3 h6 11. Nbd2 Nbd7 12. Bb3 Nc5 13. Qd4 Nxb3 14. axb3
Qxd5 15. Bxc7 Qxd4 16. Nxd4 Rfc8 17. Ba5 b6 18. Bb4 Bxb4 19. cxb4 Rd8 20. N2f3
Rd7 21. h3 Bh5 22. Rfc1 a5 23. Rc6 Rad8 24. Rxb6 axb4 25. Rxb4 Bxf3 26. Nxf3
Rd1+ 27. Rxd1 Rxd1+ 28. Kh2 Kf8 29. Ne5 Nd7 30. Nxd7+ Rxd7 31. Re4 Rb7 32. Re3
f6 33. g3 Kf7 34. Kg2 g6 35. f4 f5 36. h4 Kf6 37. Kf3 g5 38. hxg5+ hxg5 39. Rc3
Rb6 40. Rd3 gxf4 41. Kxf4 Rb4+ 42. Ke3 Ke5 43. Kd2 Ke4 44. Rc3 f4 45. gxf4 Kxf4
46. Rd3 Ke4 47. Kc3 Rxb3+ 48. Kxb3 Kxd3 1/2-1/2

[Event "WA Open - Reserve Section"]
[Site "Redmond, WA"]
[Date "2008.05.25"]
[Round "4"]
[White "Rutgers, Bert"]
[Black "Copeland, Daniel"]
[Result "0-1"]
[WhiteElo "1442"]
[BlackElo "1711"]
[PlyCount "98"]
[EventDate "2008.05.??"]
[SourceDate "2008.05.24"]

1. d4 Nf6 2. c4 c5 3. d5 e6 4. dxe6 fxe6 5. Nc3 d5 6. Qc2 Nc6 7. Bg5 d4 8.
O-O-O Qa5 9. Nb5 Nb4 10. Bd2 Nxa2+ 11. Kb1 Nb4 12. Bxb4 cxb4 13. Nxd4 e5 14.
Nb3 Qc7 15. e4 Be6 16. c5 a5 17. Bb5+ Bd7 18. Rxd7 Nxd7 19. c6 bxc6 20. Qxc6
Qxc6 21. Bxc6 Ra7 22. Ba4 Bd6 23. Nf3 Ke7 24. Nbd2 Nb6 25. Bc2 a4 26. Bd3 Rc8
27. Rc1 Rxc1+ 28. Kxc1 Rc7+ 29. Kb1 b3 30. Nf1 a3 31. N1d2 a2+ 32. Ka1 Rc1+ 33.
Nb1 Na4 34. Nfd2 Nc5 35. Nxb3 axb1=Q+ 36. Bxb1 Nxb3+ 37. Ka2 Rxb1 38. Kxb1 Nd2+
39. Kc2 Nxe4 40. f3 Ng5 41. Kd3 Kf6 42. h4 Ne6 43. g4 Nf4+ 44. Ke4 Ng6 45. g5+
Ke6 46. h5 Nf4 47. h6 g6 48. b3 Bc5 49. b4 Bxb4 0-1

[Event "WA Open - Reserve Section"]
[Site "Redmond, WA"]
[Date "2008.05.26"]
[Round "5"]
[White "Song, Matthew"]
[Black "Milener, Gene"]
[Result "1-0"]
[WhiteElo "1297"]
[BlackElo "1294"]
[PlyCount "121"]
[EventDate "2008.05.??"]
[SourceDate "2008.05.24"]

1. e4 c5 2. c3 Nf6 3. d3 Nc6 4. Nf3 d6 5. Bg5 h6 6. Bh4 g5 7. Bg3 Nh5 8. Be2
Nxg3 9. hxg3 b6 10. Nxg5 Rg8 11. Nh3 Bb7 12. Nd2 Qc7 13. Qc2 O-O-O 14. a3 Bg7
15. Nf3 Kb8 16. Nh2 Ne5 17. Ng4 Rdf8 18. Nxe5 Bxe5 19. Rc1 d5 20. Bf3 dxe4 21.
Bxe4 Bxe4 22. dxe4 Bxg3 23. fxg3 Qxg3+ 24. Qf2 Qd3 25. Qf4+ Kb7 26. Qf3 Qb5 27.
Qe2 Qc6 28. Qf3 f5 29. exf5 Qxf3 30. gxf3 Rg2 31. Nf2 Rxf5 32. Rf1 Rfg5 33. Rc2
h5 34. Ne4 Rxc2 35. Nxg5 Rc1+ 36. Kf2 Rxf1+ 37. Kxf1 c4 38. Kg2 Kc6 39. Kg3 Kb5
40. Ne4 Ka4 41. Nd2 Kb5 42. Kh4 Kc5 43. Kxh5 Kd5 44. Kg5 e5 45. Kf5 b5 46. f4
exf4 47. Kxf4 Kd6 48. Ke4 Kc6 49. Ke5 Kc5 50. Ne4+ Kb6 51. Kd6 Ka5 52. Kc5 Ka4
53. Nd2 a5 54. Kb6 b4 55. Nxc4 bxc3 56. bxc3 Kb3 57. Nxa5+ Kxc3 58. Kb5 Kb2 59.
a4 Ka3 60. Nc4+ Kb3 61. a5 1-0

[Event "WA Open - Reserve Section"]
[Site "Redmond, WA"]
[Date "2008.05.26"]
[Round "5"]
[White "Buchignani, Paul"]
[Black "Varner, Murlin"]
[Result "1-0"]
[WhiteElo "1444"]
[BlackElo "1517"]
[PlyCount "133"]
[EventDate "2008.05.??"]
[SourceDate "2008.05.24"]

1. e4 e5 2. Nf3 Nc6 3. d4 exd4 4. Bc4 h6 5. c3 dxc3 6. Qd5 Qe7 7. Nxc3 Nb4 8.
Qd1 d6 9. h3 Bd7 10. O-O O-O-O 11. Qb3 Nc6 12. Bxf7 Nf6 13. Re1 Na5 14. Nd5
Nxb3 15. Nxe7+ Bxe7 16. axb3 a6 17. Bg6 Rhf8 18. Bd2 Ng8 19. Bh5 Bf6 20. Bc3
Ne7 21. e5 dxe5 22. Nxe5 Bxe5 23. Bxe5 Nf5 24. Rec1 c6 25. b4 Be6 26. Bg4 Rfe8
27. Ra5 g6 28. Bf3 Nd4 29. Bxd4 Rxd4 30. b5 Rc4 31. Rxc4 Bxc4 32. bxc6 b6 33.
Ra1 Kc7 34. b4 Bb5 35. Rd1 Bxc6 36. Rc1 Re6 37. Bd5 Rd6 38. Bc4 b5 39. Be2 Rd4
40. Rb1 Kb6 41. Bg4 h5 42. Be6 g5 43. Rb2 Re4 44. Bf5 Rf4 45. Bg6 h4 46. f3 Rd4
47. Kf2 Rd5 48. Ke3 Re5+ 49. Kd4 Rd5+ 50. Ke3 Re5+ 51. Kd4 Rd5+ 52. Kc3 Re5 53.
Rd2 a5 54. bxa5+ Kxa5 55. Ra2+ Kb6 56. Kb4 Rc5 57. Rc2 Rxc2 58. Bxc2 Kc7 59.
Kc5 b4 60. Kxb4 Kd6 61. Kc3 Ke5 62. Kd3 Kf4 63. Ke2 Kg3 64. Kf1 Bxf3 65. gxf3
Kxh3 66. Kf2 g4 67. Bf5 1-0

[Event "WA Open - Reserve Section"]
[Site "Redmond, WA"]
[Date "2008.05.26"]
[Round "6"]
[White "Walton, John"]
[Black "Pettijohn, Benjamin"]
[Result "1/2-1/2"]
[WhiteElo "1715"]
[BlackElo "1723"]
[PlyCount "103"]
[EventDate "2008.05.??"]
[SourceDate "2008.05.24"]

1. e4 c5 2. Nc3 Nc6 3. f4 d6 4. Nf3 Bg4 5. Bb5 a6 6. Bxc6+ bxc6 7. O-O e6 8. d3
Nf6 9. Be3 d5 10. Bd2 Be7 11. Qe1 Bxf3 12. Rxf3 c4 13. Kh1 cxd3 14. Rxd3 Bb4
15. Nxd5 exd5 16. Bxb4 Nxe4 17. Qe3 f5 18. c4 Kf7 19. cxd5 cxd5 20. Qd4 Nf6 21.
Re1 Re8 22. Re5 g6 23. Rxe8 Qxe8 24. Re3 Qb5 25. Re7+ Kg8 26. h3 Rf8 27. Bc3
Qc6 28. Qa7 d4 29. Qxd4 Rf7 30. Rxf7 Kxf7 31. Qxf6+ Qxf6 32. Bxf6 Kxf6 33. Kg1
Ke6 34. Kf2 Kd5 35. Ke3 Kc4 36. g3 a5 37. g4 fxg4 38. hxg4 h5 39. gxh5 gxh5 40.
f5 Kd5 41. Kf4 h4 42. a3 a4 43. f6 Ke6 44. Kg4 Kxf6 45. Kxh4 Ke5 46. Kg3 Kd4
47. Kf4 Kd3 48. Kf3 Kc2 49. Ke2 Kxb2 50. Kd2 Kxa3 51. Kc3 Ka2 52. Kc2 1/2-1/2

[Event "WA Open - Reserve Section"]
[Site "Redmond, WA"]
[Date "2008.05.25"]
[Round "4"]
[White "Monahan, Darby"]
[Black "Van Veen, Kerry"]
[Result "1-0"]
[WhiteElo "1500"]
[BlackElo "1375"]
[PlyCount "53"]
[EventDate "2008.05.??"]
[SourceDate "2008.05.24"]

1. e4 e5 2. Nf3 Nc6 3. Bb5 a6 4. Ba4 Nf6 5. O-O Be7 6. c3 b5 7. Bc2 d6 8. h3
Nd7 9. d4 Bf6 10. d5 Ne7 11. Ne1 g5 12. f3 Ng6 13. Nd3 Nf4 14. Kh2 Nf8 15. g4
h5 16. Bxf4 gxf4 17. Rh1 hxg4 18. fxg4 Bh4 19. Kg2 Nh7 20. Nd2 Ng5 21. Nf3 Nxe4
22. Ndxe5 Nf2 23. Qe2 dxe5 24. Qxe5+ Qe7 25. Qxh8+ Kd7 26. Rhe1 Qd8 27. Ne5+
1-0

[Event "WA Open - Reserve Section"]
[Site "Redmond, WA"]
[Date "2008.05.26"]
[Round "6"]
[White "Xing, Casey"]
[Black "Jusak, Jeremy"]
[Result "0-1"]
[WhiteElo "1624"]
[BlackElo "1611"]
[PlyCount "130"]
[EventDate "2008.05.??"]
[SourceDate "2008.05.24"]

1. d4 Nf6 2. c4 c5 3. d5 b5 4. cxb5 a6 5. bxa6 Bxa6 6. Nc3 g6 7. b3 Bg7 8. Bb2
d6 9. Qc2 Qa5 10. Rd1 O-O 11. g3 Nbd7 12. Bg2 Rfb8 13. Nh3 c4 14. O-O cxb3 15.
axb3 Nc5 16. Ra1 Qb4 17. Rab1 Qxb3 18. Qxb3 Rxb3 19. Bf3 Nfd7 20. Ba1 Rxc3 21.
Bxc3 Bxc3 22. Rfc1 Bg7 23. Nf4 Ne5 24. h4 Nxf3+ 25. exf3 Bh6 26. Re1 Bxf4 27.
gxf4 Ra7 28. Ra1 Rb7 29. Re3 Kg7 30. Rc3 Bd3 31. Rd1 Bf5 32. Kg2 Rb3 33. Re3
Kf6 34. Kg3 Rd3 35. Rexd3 Nxd3 36. Rd2 h5 37. Rd1 Nc5 38. Rd4 Bd7 39. Kg2 Kf5
40. Kg3 Kf6 41. Kg2 Bf5 42. Kg3 Kg7 43. Kg2 Kf8 44. Kf1 Ke8 45. Ke2 Kd7 46. Ke3
e6 47. Ke2 exd5 48. Rxd5 Kc6 49. Rd1 d5 50. Ke3 Nb3 51. Ke2 Kc5 52. Kf1 d4 53.
Re1 d3 54. Re7 d2 55. Ke2 Kd6 56. Re8 Bc2 57. Rd8+ Ke7 58. Rxd2 Nxd2 59. Kxd2
Bb1 60. f5 Bxf5 61. Ke3 Kf6 62. Kf4 Bc2 63. Kg3 Kf5 64. f4 Be4 65. f3 Bd5 0-1

[Event "WA Open - Reserve Section"]
[Site "Redmond, WA"]
[Date "2008.05.26"]
[Round "5"]
[White "Dillingham, Gregg"]
[Black "Chuck, Caleb"]
[Result "1-0"]
[WhiteElo "1569"]
[BlackElo "1351"]
[PlyCount "87"]
[EventDate "2008.05.??"]
[SourceDate "2008.05.24"]

1. e4 g6 2. f4 Bg7 3. Nf3 d6 4. d4 Nd7 5. Bc4 h6 6. Qd3 e6 7. Be3 Ne7 8. g4 b6
9. f5 d5 10. Bb3 Bb7 11. Nbd2 dxe4 12. Nxe4 exf5 13. gxf5 Nxf5 14. O-O-O Qe7
15. d5 Ne5 16. Nxe5 Qxe5 17. c3 O-O 18. Bf2 Rfe8 19. Ng3 Nd6 20. Kb1 Qe7 21. h4
h5 22. Rde1 Qd7 23. Bd4 a5 24. Bxg7 Kxg7 25. Qd4+ Kg8 26. Ref1 Qe7 27. Bc2 Qe5
28. Qg1 Bxd5 29. Rh2 a4 30. Re2 Qg7 31. Rfe1 Rxe2 32. Nxe2 a3 33. Nf4 Bc4 34.
Qg2 Ra7 35. Rg1 axb2 36. Bxg6 Bxa2+ 37. Kxb2 Nc4+ 38. Kc1 Qxc3+ 39. Bc2+ Kf8
40. Qg8+ Ke7 41. Nd5+ Ke6 42. Nxc3 Ne5 43. Nxa2 Rxa2 44. Qd8 1-0

[Event "WA Open - Reserve Section"]
[Site "Redmond, WA"]
[Date "2008.05.26"]
[Round "6"]
[White "Lowther, Jeff"]
[Black "Omori, Michael"]
[Result "*"]
[WhiteElo "1905"]
[BlackElo "1821"]
[PlyCount "98"]
[EventDate "2008.05.??"]
[SourceDate "2008.05.24"]

1. e4 c5 2. Nf3 e6 3. d4 cxd4 4. Nxd4 Nf6 5. Bd3 Nc6 6. Nb3 Bb4+ 7. c3 Be7 8.
O-O d6 9. N1d2 O-O 10. Nf3 e5 11. c4 b6 12. Bd2 Qc7 13. Bc3 Bb7 14. Re1 Rac8
15. Nbd2 Nb8 16. Rc1 a5 17. a3 Nbd7 18. b4 Ra8 19. Qb3 Rfc8 20. Bb2 Ra7 21. Ra1
Rca8 22. Bc3 Ba6 23. Bb2 Bd8 24. Nf1 Qb8 25. Ne3 b5 26. cxb5 Bxb5 27. Ng5 Nf8
28. Nc2 Rc7 29. Bxb5 Qxb5 30. Rac1 h6 31. Nf3 a4 32. Qe3 Rac8 33. Na1 Rxc1 34.
Rxc1 Bb6 35. Qe1 Rxc1 36. Bxc1 Ng4 37. Be3 Nxe3 38. fxe3 Qd3 39. h3 Qxa3 40.
Nc2 Qd3 41. Qc1 Qxe4 42. Nfe1 Qc6 43. Qa3 d5 44. Qd3 Nd7 45. Kh2 g6 46. Na3 Bc7
47. g3 e4 48. Qe2 Qd6 49. Qf2 Qxb4 *

[Event "WA Open - Reserve Section"]
[Site "Redmond, WA"]
[Date "2008.05.24"]
[Round "1"]
[White "Dixon, Blake"]
[Black "Buchignani, Paul"]
[Result "*"]
[WhiteElo "1605"]
[BlackElo "1444"]
[PlyCount "63"]
[EventDate "2008.05.??"]
[SourceDate "2008.05.24"]

1. Nf3 c5 2. g3 g6 3. Bg2 Nc6 4. c3 Nf6 5. d4 cxd4 6. cxd4 Bg7 7. O-O O-O 8. d5
Nb4 9. Nc3 d6 10. e4 b6 11. Re1 Ba6 12. Qa4 Nd3 13. Rd1 Nc5 14. Qc2 Rc8 15. Nd4
Bb7 16. Bh3 Ncd7 17. Qa4 a6 18. Nc6 Qe8 19. Bg5 Nc5 20. Qb4 Nfd7 21. Nxe7+ Kh8
22. Nxc8 Bxc8 23. Bxd7 Qxd7 24. Qxb6 Bxc3 25. bxc3 Nxe4 26. Qd4+ f6 27. Bh6 Re8
28. Re1 Qf5 29. Rab1 Qf3 30. Rb8 Kg8 31. Qa7 Bd7 32. Rxe8+ *

[Event "WA Open - Reserve Section"]
[Site "Redmond, WA"]
[Date "2008.05.25"]
[Round "3"]
[White "Buchignani, Paul"]
[Black "Monahan, Darby"]
[Result "1-0"]
[WhiteElo "1444"]
[BlackElo "1500"]
[PlyCount "81"]
[EventDate "2008.05.??"]
[SourceDate "2008.05.24"]

1. e4 c5 2. Nc3 a6 3. f4 e6 4. Nf3 d6 5. Bc4 Nc6 6. d3 b5 7. Bb3 Na5 8. O-O Bd7
9. Be3 Nxb3 10. axb3 Bc6 11. Ne2 Nf6 12. c3 Be7 13. Ng3 Qc7 14. Nd2 e5 15. Nf5
O-O 16. Rf3 Ne8 17. Qe2 Bf6 18. Qf2 Bd7 19. fxe5 Bxe5 20. Ne7+ Kh8 21. Rxf7 Nf6
22. Rxf8+ Rxf8 23. Rf1 Qd8 24. Nd5 Kg8 25. g3 Nxd5 26. Qxf8+ Qxf8 27. Rxf8+
Kxf8 28. exd5 Bf6 29. Bf4 Bf5 30. Bxd6+ Be7 31. Bxe7+ Kxe7 32. Ne4 c4 33. bxc4
Bxe4 34. dxe4 bxc4 35. Kf2 Kd6 36. Ke3 Kc5 37. Kf4 Kd6 38. h4 a5 39. Kf5 a4 40.
g4 g6+ 41. Kf6 1-0

[Event "WA Open - Reserve Section"]
[Site "Redmond, WA"]
[Date "2008.05.25"]
[Round "4"]
[White "Becker, Brett"]
[Black "Buchignani, Paul"]
[Result "1/2-1/2"]
[WhiteElo "1671"]
[BlackElo "1444"]
[PlyCount "115"]
[EventDate "2008.05.??"]
[SourceDate "2008.05.24"]

1. e4 c5 2. Nf3 g6 3. d4 cxd4 4. Nxd4 Nc6 5. Nc3 Bg7 6. Be3 d6 7. Be2 Nf6 8.
Nb3 O-O 9. O-O a6 10. f4 b5 11. Bf3 Bb7 12. g4 Nd7 13. Nd4 Nxd4 14. Bxd4 Bxd4+
15. Qxd4 Qb6 16. Qxb6 Nxb6 17. Nd5 Bxd5 18. exd5 Nc4 19. b3 Nd2 20. Rf2 Nxf3+
21. Rxf3 Rac8 22. c3 Rc5 23. Rd3 Rd8 24. Re1 Kf8 25. Ree3 Rd7 26. g5 Rdc7 27.
h4 a5 28. Kg2 Ra7 29. Kf3 Kg7 30. Re4 Rc8 31. c4 b4 32. Rde3 Kf8 33. Kg4 Rcc7
34. f5 gxf5+ 35. Kxf5 a4 36. h5 axb3 37. axb3 Ra1 38. Re1 Ra2 39. R1e2 Ra1 40.
Re1 Ra2 41. R4e2 Rxe2 42. Rxe2 Ra7 43. g6 h6 44. gxf7 Kxf7 45. Re6 Ra3 46. Rxh6
Rxb3 47. Rh7+ Kf8 48. h6 Rf3+ 49. Ke4 Rg3 50. Rh8+ Rg8 51. Rxg8+ Kxg8 52. Kd3
Kh7 53. Kc2 Kxh6 54. Kb3 Kg5 55. Kxb4 Kf5 56. c5 dxc5+ 57. Kxc5 Ke5 58. Kc6
1/2-1/2

[Event "WA Open - Reserve Section"]
[Site "Redmond, WA"]
[Date "2008.05.26"]
[Round "6"]
[White "Hilling, Lloyd"]
[Black "Buchignani, Paul"]
[Result "1-0"]
[WhiteElo "1658"]
[BlackElo "1444"]
[PlyCount "77"]
[EventDate "2008.05.??"]
[SourceDate "2008.05.24"]

1. d4 Nf6 2. e3 e6 3. Bd3 Nc6 4. c3 Be7 5. Nd2 d6 6. b3 a6 7. a4 b6 8. Ngf3 Bb7
9. O-O O-O 10. Qc2 g6 11. Bb2 a5 12. e4 Ba6 13. Bxa6 Rxa6 14. d5 exd5 15. exd5
Nxd5 16. Qd3 Ncb4 17. cxb4 Nxb4 18. Qc3 f6 19. Ba3 Ra8 20. Bxb4 axb4 21. Qxb4
c5 22. Qb5 d5 23. Rfe1 Qd6 24. a5 bxa5 25. Rxa5 Rab8 26. Qe2 Rb7 27. Ra6 Qd8
28. Qe6+ Rf7 29. Rd1 Kf8 30. Rda1 Rb8 31. Ra7 d4 32. Rd7 Qb6 33. Qxb6 Rxb6 34.
Raa7 Ke8 35. Rdb7 Re6 36. Ra8+ Bd8 37. Rxd8+ Kxd8 38. Rxf7 Ra6 39. Kf1 1-0